Les 72 Pokémon de la Sixième Génération - Statistiques

Statistiques générales
  • Ce quiz a été pris 48 fois
  • Le résultat moyen est 52 sur 72
Statistiques - réponses
# Nom % Correct
658 Amphinobi
100%
656 Grenousse
100%
650 Marisson
100%
716 Xerneas
100%
717 Yveltal
100%
652 Blindépique
94%
653 Feunnec
94%
655 Goupelin
94%
718 Zygarde
94%
657 Croâporal
88%
651 Boguérisse
82%
719 Diancie
82%
681 Exagide
82%
721 Volcanion
82%
672 Cabriolaine
76%
680 Dimoclès
76%
669 Flabébé
76%
663 Flambusard
76%
670 Floette
76%
671 Florges
76%
667 Hélionceau
76%
679 Monorpale
76%
704 Mucuscule
76%
706 Muplodocus
76%
668 Némélios
76%
700 Nymphali
76%
697 Rexilius
76%
654 Roussil
76%
698 Amagara
71%
662 Braisillon
71%
673 Chevroum
71%
676 Couafarel
71%
699 Dragmara
71%
695 Iguolta
71%
664 Lépidonille
71%
678 Mistigrix
71%
675 Pandarbare
71%
674 Pandespiègle
71%
661 Passerouge
71%
710 Pitrouille
71%
666 Prismillon
71%
696 Ptyranidur
71%
659 Sapereau
71%
707 Trousselin
71%
701 Brutalibré
65%
683 Cocotine
65%
705 Colimucus
65%
685 Cupcanaille
65%
660 Excavarenne
65%
692 Flingouste
65%
682 Fluvetin
65%
694 Galvaran
65%
693 Gamblast
65%
689 Golgopathe
65%
712 Grelaçon
65%
720 Hoopa
65%
691 Kravarech
65%
688 Opermine
65%
677 Psystigri
65%
686 Sepiatop
65%
687 Sepiatroce
65%
713 Séracrawl
65%
711 Banshitrouye
59%
708 Brocélôme
59%
715 Bruyverne
59%
702 Dedenne
59%
709 Desséliande
59%
665 Pérégrain
59%
714 Sonistrelle
59%
684 Sucroquin
59%
703 Strassie
53%
690 Venalgue
53%
Aucun quiz correspondant
Distribution des résultats
% des personnes avec chaque résultat
Percentile par nombre de réponses
Votre historique - résultats
Vous n’avez pas pris ce quiz